Normal view MARC view

Entry Corporate Name

Number of records used in: 80

001 - CONTROL NUMBER

  • control field: 28532

003 - CONTROL NUMBER IDENTIFIER

  • control field: dpl

005 - DATE AND TIME OF LATEST TRANSACTION

  • control field: 20110608143757.0

008 - FIXED-LENGTH DATA ELEMENTS

  • fixed length control field: 110608|||a|||||| | ||| d

040 ## - CATALOGING SOURCE

  • Original cataloging agency: dpl
  • Transcribing agency: dpl

110 ## - HEADING--CORPORATE NAME

  • Corporate name or jurisdiction name as entry element: National Maritime Foundation (New Delhi, India).
  • Subordinate unit: Maritime Power Conference

670 ## - SOURCE DATA FOUND

  • Source citation: Work cat.: (dpl): Li, Xiaobing 28493 1954-, The Aircraft carrier in the 21st century /, 2011

670 ## - SOURCE DATA FOUND

  • Source citation: Work cat.: (dpl): Li, Xiaobing 28493 1954-, The Aircraft carrier in the 21st century /, 2011

© Delhi Public Library
Hit Counter
free hit counter